[Event "Aerosvit 2007"]
[Site "Foros"]
[Date "2007.06.23"]
[Round "6"]
[White "GM Dominguez Perez, Lenier(CUB)"]
[Black "GM Sasikiran, Krishnan(IND)"]
[Result "1/2-1/2"]
[WhiteElo "2678"]
[BlackElo "2690"]
[Annotator "Âèëÿâèí Ðîìàí"]
[PlyCount "114"]
[EventDate "2007.06.23"]

1. e4 c5 2. Nf3 d6 3. d4 cxd4 4. Nxd4 Nf6 5. Nc3 a6 6. Be3 e6 7. f3 b5 8. Qd2
b4 9. Na4 Nbd7 {} 10. c4 {Õîä äëÿ òåõ, êòî íå ëþáèò øàõìàòíûõ ãîëîâîëîìîê.
Áåëûå êàê áû ãîâîðÿò: «Ìû íå õîòèì îò äåáþòà ñëèøêîì ìíîãî - äîñòàòî÷íî ñ
íàñ ïðåâîñõîäñòâà â öåíòðå è èãðû ïðîòèâ ïåøêè à6 íà ôåðçåâîì ôëàíãå». Ìîæåò
òàê è íóæíî èãðàòü â øàõìàòû?} ({Ê îñòðåéøèì âàðèàíòàì âåä¸ò ïðèíöèïèàëüíîå} 
10. O-O-O) 10... bxc3 11. Nxc3 ({Ìåíåå ãàðìîíè÷íî âûãëÿäèò} 11. Qxc3) 11...
Bb7 12. Be2 {Â òîì æå íåñïåøíîì è êðåïêîì ñòèëå.} ({Ïîñëå} 12. Bc4 {÷¸ðíûå
ìîãëè, ïîëüçóÿñü íåóñòîé÷èâûì ïîëîæåíèåì ñëîíà, ïîäîðâàòü öåíòð áåç îñîáîãî
ðèñêà:} d5 $1 13. exd5 Nb6 $1 14. Bb3 Nfxd5 15. Nxd5 Bxd5 $11 {(Ôòà÷íèê)})
12... Be7 $6 {Êðèøíàí ñòðîãî ñëåäóåò çàâåòàì Ëþáîìèðà Ôòà÷íèêà, îçâó÷åííûì
èì â ïðèìå÷àíèÿõ ê ïàðòèè Àíàíä - Òîïàëîâ (Ñîôèÿ, 2006). Âñ¸ æå íå âåðèòñÿ,
÷òî, èãðàÿ ìåäëåííî è ñïîêîéíî, áåç öåíòðà, «çàòî» èìåÿ ñëàáîñòü íà à6, ìîæíî
ðàññ÷èòûâàòü íà ðàâåíñòâî.} ({Ïðèíöèïèàëüíåå} 12... d5 13. exd5 Nxd5 (13...
Bxd5 14. O-O Bb7 15. Rac1 $14 {- Ôòà÷íèê}) 14. Nxd5 Bxd5 15. Rc1 Qb8 $6 ({
ëó÷øå} 15... Bd6 16. Nf5 Be5 17. O-O O-O 18. f4 Bf6 19. Rfd1 $14 {- Ôòà÷íèê})
16. a3 $1 {(ïðåïÿòñòâóÿ àêòèâèçàöèè ñëîíà)} Bd6 17. Nf5 O-O (17... Be5 18. f4
$1 g6 (18... Bf6 19. Rc8+ $1) 19. fxe5 gxf5 20. O-O {ñ èãðîé ïî ÷¸ðíûì ïîëÿì})
18. Nxd6 Qxd6 19. O-O {ñ ñåðü¸çíûì ïðåèìóùåñòâîì áåëûõ: Morozevich,A (2747)
-Grischuk,A (2710)/Moscow 2006/EXT 2007/1-0 (35)}) 13. O-O O-O 14. Rac1 Ne5 {
(=, Ôòà÷íèê). Âñ¸ æå êàæåòñÿ Ëþáîìèð íåñêîëüêî ëóêàâèë, óêàçûâàÿ ÷òî ó
÷¸ðíûõ âñå â ïîðÿäêå. Îíè âñ¸ åù¸ íà ïàðó òåìïîâ îòñòàþò â ìîáèëèçàöèè,
êðîìå òîãî, íà ïîâåñòêå äíÿ âîïðîñ - ãäå «êîíòðèãðàòü»? Ïðîâåñòè d6-d5 áåç
êðîâè íå äàäóò...} 15. Nb3 {Âñ¸ âåðíî - ïóíêò d5 - ñåðäöå ïîçèöèè è íóæíî
óñèëèòü êîíòðîëü íàä íèì. Ïîïóòíî êîíü ïðèöåëèâàåòñÿ ê ïîëþ ñ5.} Rb8 ({
Ïîñìîòðèì ïîñëåäñòâèÿ ïðîðûâà:} 15... d5 16. Nc5 $1 Bc6 ({
íå ïîëó÷àëè ÷¸ðíûå äîñòàòî÷íîé êîìïåíñàöèè çà êà÷åñòâî â âàðèàíòå} 16...
Bxc5 17. Bxc5 dxe4 18. Qe3 $1 exf3 19. gxf3 Ng6 20. Rfd1 Qc7 21. Bxf8 Rxf8 22.
Ne4) 17. exd5 Nxd5 18. Nxd5 Qxd5 19. Qc3 $1 ({
â îêîí÷àíèè ó áåëûõ òàêæå ïðåèìóùåñòâî, íî ìåíüøåå} 19. Qxd5 Bxd5 20. a3 a5
$14) 19... Bf6 20. Rfd1 {} Qxa2 (20... Ng4 21. Rxd5 Bxc3 22. fxg4 Bxb2 23.
Rdd1 Bxc1 24. Rxc1 $16) (20... Nxf3+ 21. Bxf3 Qxd1+ 22. Rxd1 Bxc3 23. Bxc6 $18)
21. Bd4 Qd5 22. Ne4 Rfc8 23. Nxf6+ gxf6 24. Bc5 Qa2 25. Ra1 $18) 16. Qd4 {
Ñíîâà ìåøàÿ õîäó d5} Nfd7 {Òåïåðü d5 îòêëàäûâàåòñÿ â ñîâñåì óæ äîëãèé ÿùèê, à
Bf6 ïîéòè íå ïîëó÷èòñÿ ââèäó ñëàáîñòè ïåøêè d6. Ïðàâäà ïðèêðûòî ïîëå b6.} 17.
Rfd1 Kh8 {Îäèí èç ìíîãî÷èñëåííûõ åæîâûõ ïëàíîâ - ÷¸ðíûå ãîòîâÿòñÿ îòêóñèòü
íåìíîãî æèçíåííîãî ïðîñòðàíñòâà ïóò¸ì Rg8 è g7-g5} 18. Qd2 {Íåâçðà÷íûé ñ âèäó
õîä, èìåþùèé, òåì íå ìåíåå, âåðíóþ èäåþ. Ãëàâíîå îòëè÷èå ïîçèöèè îò åæîâûõ
ïîñòðîåíèé çàêëþ÷àåòñÿ â îòñóòñòâèè ïåøêè b6! :) Ïåøêà ýòà ïðèêðûâàåò ïîëå
à5. Åñëè ïîñòàâèòü íà à5 êîíÿ, ó ÷åðíûõ îáíàðóæàòñÿ ñåðü¸çíûå ïðîáëåìû ñî
ñëîíîì è ïåøêîé à6.} Rg8 {Òàê ÷àñòî áûâàåò - êàæåòñÿ ÷òî ïàðòí¸ð õîäèò
òóäà-ñþäà è ìîæíî çàíÿòüñÿ ñâîèìè äåëàìè, à îí, êîâàðíûé, òåì âðåìåíåì,
îêàçûâàåòñÿ, ÷òî-òî çàìûñëèë! Êðèøíàí ïðîñìàòðèâàåò èäåþ áåëûõ è ïîñòåïåííî
ïîïàäàåò â òÿæ¸ëóþ ïîçèöèþ, óâëåêøèñü ñâîèì ïëàíîì.} ({Âçàìåí ïðåäëàãàåòñÿ} 
18... Nf6 {, âîçîáíîâëÿÿ âîçìîæíîñòü d6-d5. Çäåñü, êîíå÷íî, äî ðàâåíñòâà
òàêæå äàëåêî, îäíàêî ïîêà âñ¸ äåðæèòñÿ. Çà áåëûõ ìîæíî ïðåäëîæèòü} 19. Bd4 Nc6
20. Bf2 Ne5 21. Qe3 {
è äàëåå h3, f4, ñ äàëüíåéøèì äàëüíåéøåå îòòåñíåíèåì âðàæåñêèõ ñèë.}) 19. Kh1 {
 Ìîæåò íå ëó÷øåå ñ ÷èñòî øàõìàòíîé òî÷êè çðåíèÿ ðåøåíèå, îäíàêî ñ ïñèõîëîãè÷åñêîé
- îïðàâäàííî íà âñå 100%. Êóáèíåö îöåíèë óæå ÷òî g7-g5 ïàðòí¸ðó îñîáûõ
âûãîä íå ïðèíîñèò, à ðàç òàê, ìîæíî ñäåëàòü ïîëåçíûé õîä.} ({Ñåé÷àñ} 19. Na4 {
èãðàòü ðàíî ââèäó} Bc6) ({Îäíàêî, õîðîøî âûãëÿäåëî} 19. f4 Ng6 20. g3) 19... g5
$6 {Ñ îäíîé ñòîðîíû - êîíòðèãðà, ñ äðóãîé îñëàáëåíèå. ×òî âàæíåå?} ({
Òå÷åíèå ïàðòèè ïîêàçàëî, ÷òî âòîðîå, ïîýòîìó ðåòðîñïåêòèâíî ïðåäëàãàåòñÿ
âûæèäàòü ê ïðèìåðó ïóòåì} 19... Re8 {. Îäíàêî, âî âðåìÿ ïàðòèè î÷åíü òðóäíî
ïðîñòî ñòîÿòü è æäàòü, è êòî èç íàñ ñìîã áû ïðîÿâèòü çäåñü ïîäîáíóþ âûäåðæêó?}
) 20. Bd4 $1 {
Âñ¸, ìåäëèòü áîëüøå íåëüçÿ, ïðóæèíà äîëæíà íà÷èíàòü ñâî¸ äâèæåíèå!} Rg6 ({
Ìîæíî áûëî çàòðóäíèòü, íî íå ïðåäîòâðàòèòü âòîðæåíèå êîíÿ íà à5 ïîñðåäñòâîì} 
20... Bf6 21. Ba7 $1 (21. Na4 Bc6) (21. Nb1 g4) 21... Ra8 22. Be3 $1 Be7 23.
Bd4 $1 Bf6 24. Na4 Bc6 25. Qb4 (25. Nb6 $6 Nxb6 26. Bxe5 Bxe5 27. Rxc6 Rb8 $13)
25... Rb8 26. Qa3 {, è ÷¸ðíûì íåïðîñòî äåðæàòü ñâîè ñëàáûå ïåøêè.}) 21. Na4 $1
Kg8 {(Õîäà Bc6, óâû, íåò)} 22. Na5 $16 Ba8 23. Ba7 { Íàõîäÿñü íà ãðàíè
ïîðàæåíèÿ, Ñàøèêèðàí íà÷èíàåò ïîäêðó÷èâàòü ïîçèöèþ â íàäåæäå çàïóòàòü ïàðòí¸ðà.
È â øàãå îò öåëè òîò îøèá¸òñÿ! Âïðî÷åì, íå áóäåì çàáåãàòü âïåðåä...} g4 $5
(23... Rc8 24. Bxa6) 24. f4 Nf6 {Îò îáèëèÿ âîçìîæíîñòåé ðàçáåãàþòñÿ ãëàçà...}
25. Bxb8 {Çàáèðàòü íóæíî ñàìîå æèðíîå!} Nxe4 26. Qe3 {Ìîæíî è òàê} ({
Ïðîäîëæåíèå} 26. Bc7 Qf8 27. Qe3 g3 28. h3 Nf2+ 29. Kg1 Nxd1 30. Bxd1 $18 {
ïîçâîëÿëî áåëûì ñìåëî ñìîòðåòü â áóäóùåå ñ ëèøíèì êîí¸ì â êóëàêå.}) 26... Qxb8
{} (26... g3 27. h3 Qxa5 28. fxe5 Qxa4 29. Bxd6 $18) 27. Nb6 Nf3 {
Ñàìàÿ ðàñïîñëåäíÿÿ îò÷àÿííàÿ ïîïûòêà} 28. gxf3 gxf3 {} 29. Bxf3 $4 {
Çàáèðàÿ íåíóæíóþ, ìåøàâøóþ ÷¸ðíûì ïåøêó è ïðîïóñêàÿ êîíòðóäàð} ({
Ïîñëåäíèì õîäîì ýòîé ïàðòèè äîëæíî áûëî áû áûòü} 29. Bd3 $1 $18 {, èáî íåëüçÿ}
Ng3+ 30. hxg3 f2+ 31. Nxa8 Qxa8+ 32. Nc6) 29... Nf2+ $3 30. Qxf2 Qxb6 $1 {
Ó áåëûõ îñòàëîñü ëèøü êà÷åñòâî çà ïåøêó} 31. Rc2 Bh4 32. Qe2 Bxf3+ 33. Qxf3
Qxa5 34. Rc8+ Kg7 35. Qc3+ Qxc3 36. Rxc3 $16 {Òåì íå ìåíåå â îêîí÷àíèè ó
áåëûõ ñåðü¸çíûå øàíñû íà ïîáåäó, è åñëè ïîñàäèòü çà äîñêó ãðîññìåéñòåðà, íå
áîðîâøåãîñÿ äî ýòîãî çà äîñêîé, ñêîðåå âñåãî ÷¸ðíûì íå ñïàñòèñü. Îäíàêî íå
êàæäûé ñïîñîáåí õëàäíîêðîâíî ïåðåæèòü òàêèå ïðåâðàòíîñòè ñóäüáû...} Bf2 37. Rf3
$2 ({Ïîáåäà äîñòèãàëàñü íå áåç êðàñîò:} 37. Rc6 $1 Rg4 38. Rcxd6 Rxf4 39. Rxa6
e5 40. Rf1 $1 e4 41. Ra4 $1 {(ñèìïàòè÷íàÿ ñâÿçêà)} f5 42. Ra6 $1 {
Îáõîäÿ ëîæíûé ñëåä!} (42. Kg2 $6 Rg4+ $1 43. Kxf2 $2 e3+ 44. Kxe3 Rxa4) 42...
e3 43. Rc1 $1 Re4 44. Rc7+ Kf8 45. Ra8+ Re8 46. Rxe8+ Kxe8 47. Kg2 $18) 37...
Bc5 {×¸ðíûå óïëîòíèëèñü, òåïåðü âñ¸ íàìíîãî ñëîæíåå.} 38. Rg3 Kf6 39. Rxg6+
hxg6 40. Kg2 {} Ke7 $6 ({Ïîàêòèâíåå âûãëÿäèò} 40... Kf5) 41. a3 ({
Íàâåðíîå, ëó÷øå áûëî íå ñïåøèòü è ïîäòÿíóòü ñïåðâà êîðîëÿ:} 41. Rc1 a5 42. Kf3
Kf6 43. Kg4 Ke7 {, è óæå çäåñü âûáèðàòü ìåæäó çàáðîñîì ëàäüè â òûë âðàãà ïî
òðåòüåé ãîðèçîíòàëè è íåìåäëåííûì îáðàçîâàíèåì ïðîõîäíîé.}) 41... a5 42. Rb1
Kd7 43. b4 axb4 44. axb4 Bd4 45. Rd1 ({
Ìåíÿ ó÷èëè â ýíäøïèëå òÿíóòü êîðîëÿ â öåíòð -} 45. Kf3) 45... e5 46. f5 (46.
Kf3 $5) 46... Kc6 47. Kf3 $6 {Êàê íåêñòàòè!} ({Ïîñëå} 47. fxg6 fxg6 48. Rd3 $1
$18 {áåëûå âñ¸ æå ïîáåæäàëè}) 47... d5 48. Rxd4 $4 {
Íåâåðîÿòíî, íî â ïåøå÷íîì íè÷üÿ!} ({Åù¸ ìîæíî áûëî âåðíóòüñÿ íà âåðíûé ïóòü} 
48. fxg6 fxg6 49. Ke2 Kb5 50. Rd3 {è ò.ä.}) 48... exd4 49. Ke2 Kb5 50. Kd3 Kxb4
51. Kxd4 gxf5 {} 52. h4 (52. Kxd5 f4 53. Kd4 f3 54. Ke3 Kc5 55. h4 Kd6 {
, è êîðîëü â êâàäðàòå!}) 52... f4 53. h5 f3 54. Ke3 d4+ $1 55. Kxf3 d3 56. h6
Kb3 $1 (56... Kc3 $4 57. h7 d2 58. h8=Q+) 57. Ke3 Kc2 {
Ñàøèêèðàí äîëæåí íåïðåìåííî ïîñòàâèòü â öåðêâè ñâå÷êó çà ÷óäåñíîå ñïàñåíèå!}
1/2-1/2

[Event "Aerosvit 2007"]
[Site "Foros RUS"]
[Date "2007.06.23"]
[Round "6"]
[White "GM Eljanov, Pavel(UKR)"]
[Black "GM Jakovenko, Dmitry(RUS)"]
[Result "1/2-1/2"]
[WhiteElo "2686"]
[BlackElo "2708"]
[Annotator "Ëåáåäåâ Âàñèëèé"]
[PlyCount "45"]
[EventDate "2007.06.23"]

{Â ýòîì ïîåäèíêå íå áûëî ñäåëàíî íè îäíîãî (!) ñâîåãî õîäà. Èçâåñòíûé âàðèàíò,
èñïîëíÿåìûé ñ ñîãëàñèÿ äâóõ ñòîðîí, ïðåâðàùàåò îäèí âûõîäíîé íà òóðíèðå â äâà..
.} 1. d4 Nf6 2. c4 e6 3. Nf3 d5 4. Nc3 dxc4 5. e4 Bb4 6. Bg5 c5 7. Bxc4 cxd4 8.
Nxd4 Bxc3+ 9. bxc3 Qa5 10. Bxf6 (10. Nb5 Nxe4) 10... Qxc3+ 11. Kf1 {Íî âñ¸ æå,
ñäåëàþ âèä, ÷òî òåîðèè òóò íå «ñóùåñòâóåò» è ïðîâåðþ âñ¸ ñàì, êàê
ïîëàãàåòñÿ. ;)} gxf6 ({Íàñêîëüêî ÿ ïîíÿë, ñëàáåå} 11... Qxc4+ 12. Kg1 O-O (
12... gxf6 13. Rc1) {Èç-çà} 13. e5 $1 ({Âèäèìî, ñëàáåå} 13. Qg4 g6 14. Qf4 Nd7
15. e5 Nxf6 16. exf6 Kh8 17. Rc1 Qb4 (17... Qxa2 18. Nf3 $18) ({
çàñëóæèâàåò âíèìàíèÿ è} 17... e5 $5 18. Qh6 Qxc1+ $1 19. Qxc1 exd4 20. h4 Bf5 {
1/2 Trifunovic,P - Gligoric,S/Mar del Plata 1953}) 18. h4 Rd8 $1 (18... e5 19.
Qh6 Rg8 20. Nf3 Qf4 21. Qxf4 exf4 22. Ng5 Be6 23. h5 Rgc8 24. Re1 (24. Rb1 $142
$5 Kg8 25. Nxe6 fxe6 26. hxg6 hxg6 27. Rxb7 Rc1+ 28. Kh2 Rxh1+ 29. Kxh1 $16)
24... Kg8 25. hxg6 hxg6 26. Rh7 Bxa2 27. Rg7+ Kh8 28. Re7 Rc5 $4 (28... Rf8)
29. Rexf7 {1-0 Rautenberg,W-Schlensker,P/Weidenau 1947}) 19. Qh6 Qf8 20. Qxf8+
Rxf8 21. Nf3 $1 Bd7 22. Rc7 Bc6 23. Ne5 Kg8 24. Ng4 h5 25. Nh6+ Kh8 26. Nxf7+
Kg8 27. Nh6+ Kh8 $11) 13... gxf6 14. Rc1 Qb4 15. Qg4+ Kh8 16. exf6 Rg8 17.
Qxg8+ Kxg8 18. Rxc8+ Qf8 19. Rxf8+ Kxf8 20. g4 $1 $14 {
ñ íåñêîëüêî ëó÷øèì ïîëîæåíèåì ó áåëûõ.}) 12. Bb5+ (12. Rc1 $5) 12... Ke7 13.
Rc1 Qa5 14. e5 $1 ({Áåëûå, ïðåëüñòèâøèñü íåñêîëüêèìè øàõàìè, áûñòðî ïîëó÷àëè
ïëîõóþ ïîçèöèþ â ñëåäóþùåé ïàðòèè:} 14. Qb3 Rd8 15. a4 Qb6 16. Qb4+ Qd6 17.
Rc7+ Nd7 18. Qc3 Kf8 {È çàêîíîìåðíî ïðîèãðàëè:} 19. Ke2 a6 20. Rd1 axb5 21.
Nxb5 Qxh2 22. Qb4+ Kg7 23. Qe7 Rf8 24. Rd3 Ne5 25. Rg3+ Ng6 26. Nd6 Qxg3 27.
Qxf8+ Kxf8 28. Rxf7+ Kg8 29. fxg3 Ra6 30. Rc7 Rxd6 31. Rxc8+ Nf8 {
(0-1 Van Wely,L (2636) - Ivanchuk,V (2714)/Wijk aan Zee 1999).}) 14... fxe5 ({
Ïëîõî} 14... Rd8 15. exf6+ Kxf6 16. Rc5 $1 $40) 15. Qh5 $1 Nd7 {
Äàâíûì-äàâíî óæå îáå ñòîðîíû èñïîëíÿþò ñòðîãî åäèíñòâåííûå õîäû.} (15... Qd2
$143 16. Nb3 Qf4 (16... Qd5 17. Qg5+ Kd6 18. Bc4) 17. g3 Qf6 18. Rc7+ Nd7 19.
Nc5 $18) ({Èëè} 15... exd4 $2 16. Qg5+ f6 17. Qc5+ Kf7 18. Be8+ $1) 16. Qg5+
Kf8 ({Íî òîëüêî íå} 16... f6 $2 17. Qg7+ Kd6 18. Rxc8 $1) ({
Ëåâîí Àðîíÿí îäíàæäû ïîçâîëèë ñåáå} 16... Kd6 {
è äîëæåí áëàãîäàðèòü Êàèññó, ÷òî ëåãêî îòäåëàëñÿ:} 17. Be2 a6 18. h4 (18. Nf3
$1) (18. Rd1 $5 Kc7 19. Nb3 Qb4 20. Nc5 $1) 18... f6 (18... h6) 19. Qg7 exd4
20. Qxh8 d3 21. Bf3 Qb5 22. Kg1 d2 23. Rxc8 Rxc8 24. Qxc8 Qa4 25. Qxb7 Ne5 26.
Qb6+ Kd7 27. Qb7+ Kd6 28. Qb6+ ({Âûèãðûâàëî} 28. Kh2 $3 Qxh4+ 29. Kg1 Nxf3+ 30.
Qxf3 $18) 28... Kd7 29. Qb7+ Kd6 {
(1/2 Soppe,G (2478) - Aronian,L (2610)/ICC INT 2003).}) {
È òåïåðü ñëåäóåò «ôåéåðâåðê» -} 17. Rxc8+ $1 (17. Qh6+ Ke7 18. Qg5+) 17...
Rxc8 18. Bxd7 Qd8 19. Nxe6+ $1 fxe6 20. Qh6+ Kf7 21. Qxe6+ Kf8 (21... Kg7 22.
Qg4+ Kh6 (22... Kf6 23. Qf3+ Ke7 24. Bxc8 Qxc8 25. g3 Qc6 26. Kg2 Rc8 27. Re1 {
(1/2 Adorjan,A (2530) - Lau,R (2500)/Polanica Zdroj 1991)}) 23. Qh3+ Kg5 24.
Qf5+ Kh6) 22. Qh6+ (22. Qf5+ Kg7 (22... Ke7 23. Qe6+ {
(1/2 Gurevich,M (2669) - Izoria,Z (2606)/Corsica 2005).}) 23. Qxe5+ Qf6 24.
Qg3+ Qg6 25. Qe5+ Qf6 26. Qg3+ Qg6 {
(1/2 Muse,M (2448)-Feletar,D (2412)/Rabac 2004).}) 22... Kf7 23. Qe6+ 1/2-1/2